| LEADER |
00959nam0a2200217 450 |
| 001 |
16846915 |
| 010 |
|
|
|a 978-2-8094-3536-8
|b br. sous jaquet
|d 7,99
|
| 100 |
|
|
|a 20131211d2013 u u0frey01 ba
|
| 101 |
1 |
|
|a fre
|c jpn
|
| 102 |
|
|
|a FR
|
| 200 |
0 |
|
|a Whistle !
|e rêve de champion
|f scénario et dessin Daisuke Higuchi
|g traduction Akiko Indei & Pierre Fernande
|
| 207 |
|
1 |
|a
|
| 215 |
|
|
|a [187] p.
|d 18 cm
|
| 300 |
|
|
|a Manga
|
| 330 |
|
|
|a Pendant le tournoi clôturant le stage du National training center, Tokyo connaît une première victoire. Mais la difficulté s'annonce lors du deuxième match contre Tohoku, car Tsubasa peine à défendre en raison de sa petite taille.
|
| 700 |
|
0 |
|a Higuchi
|b Daisuke
|4 70
|
| 702 |
|
0 |
|a Indei
|b Akiko
|4 730
|
| 702 |
|
0 |
|a Fernande
|b Pierre
|4 730
|
| 900 |
|
|
|a Bande Dessinée enfant ado
|
| 901 |
|
|
|a Accessible au prêt
|
| 995 |
|
|
|a Bibliothèque
|c Bibliothèque
|f 00156009351966
|h 00156009351966
|k BD HIG 21
|o p
|q j
|r az
|e Bibliothèque
|